Top 10 najpopularniejszych klubów na świecie - Statystyki

Ogólne statystyki
  • Ten quiz został rozwiązany 92 razy
  • Średni wynik to 9 z 10
Statystyki odpowiedzi
L. fanów (mld) Klub % Poprawnych
0,90 Real Madryt
100%
0,85 Barcelona
99%
0,35 PSG
93%
1,10 Manchester United
90%
0,40 Bayern Monachium
87%
0,39 Liverpool
87%
0,33 Arsenal
85%
0,37 Chelsea
84%
0,45 Juventus
81%
0,31 AC Milan
72%
Nie znaleziono quizów pasujących do podanych kryteriów
Rozkład punktacji
Procent ludzi z każdym wynikiem
Percentyl według liczby udzielonych odpowiedzi
Twoja historia wyników
Nie rozwiązałeś tego quizu